000 00658nam a2200217Ii 4500
003 JO-AjNU
008 230606s9999||||xx |||||||||||||| ||und||
020 _a0-521-45526-X
040 _aJO-AjNU
_beng
_erda
_cJO-AjNU
041 _aeng
050 1 4 _aPR4592.L5.G34 1996
100 3 _aGAGER, VALERIE L,
_eauthor
_92805
245 0 0 _aSHAKESPEARE and Dickens: The Dynamics Of Influence
250 _a1 ed
264 3 1 _aNew York:CAMBRIDGE UNIVERSITY PRESS, 1996
300 _a419P
336 _atext
_btxt
_2rdacontent
337 _aunmediated
_bn
_2rdamedia
338 _avolume
_bnc
_2rdacarrier
650 4 _aShakespeare, William -Dickens's, Charles
_92806
999 _aE1470
_c1470
_d1470